000
00319nam a2200133Ia 4500
008
100328s9999 xx 000 0 und d
082
_b
65654
100
_a
मेंगजी अशोक.
245
_a
बदल.
260
_b
सुपर्ण.
630
_a
बदल.
730
_a
बदल.
942
_c
BOOK
999
_c
551399
_d
551396